[Event "Avoine op 21th"]
[Site "Avoine"]
[Date "2006.07.27"]
[Round "6"]
[White "Giua, Frederic"]
[Black "Thibaud, Corentin"]
[Result "1-0"]
[WhiteElo "2211"]
[BlackElo "2009"]
[PlyCount "59"]
[EventDate "2006.07.22"]
[EventType "swiss"]
[EventRounds "9"]
[EventCountry "FRA"]
[SourceTitle "EXT 2007"]
[Source "ChessBase"]
[SourceDate "2006.11.23"]
[SourceVersion "1"]
[SourceVersionDate "2006.11.23"]
[SourceQuality "1"]

1. c4 e5 2. Nc3 Nf6 3. g3 d5 4. cxd5 Nxd5 5. Bg2 Nb6 6. Nf3 Nc6 7. d3 Be7 8. 0-0 0-0 9. Bd2 Be6 10. a3 f6 11. Na4 Bd5 12. Rc1 Kh8 13. Nc5 Rb8 14. b4 a6 15. a4 Nd7 16. e4 Bg8 17. Nxb7 Rxb7 18. Rxc6 Nb8 19. Rc1 Bxb4 20. Bxb4 Rxb4 21. Qc2 c5 22. Qxc5 Rxa4 23. Bh3 Re8 24. Rfd1 Qa5 25. Qa7 Ra3 26. Rc7 g6 27. Be6 Rxe6 28. Qxb8 Qb6 29. Rb1 Qxb8 30. Rxb8 1-0

[Event "Avoine op 21th"]
[Site "Avoine"]
[Date "2006.07.24"]
[Round "3"]
[White "Thibaud, Corentin"]
[Black "Hortas, Igor"]
[Result "0-1"]
[WhiteElo "2009"]
[BlackElo "2126"]
[PlyCount "51"]
[EventDate "2006.07.22"]
[EventType "swiss"]
[EventRounds "9"]
[EventCountry "FRA"]
[SourceTitle "EXT 2007"]
[Source "ChessBase"]
[SourceDate "2006.11.23"]
[SourceVersion "1"]
[SourceVersionDate "2006.11.23"]
[SourceQuality "1"]

1. e4 d5 2. exd5 Nf6 3. d4 Bg4 4. f3 Bf5 5. g4 Bc8 6. Bb5+ Nbd7 7. Nc3 a6 8. Ba4 b5 9. Bb3 Nb6 10. a4 b4 11. a5 Nbxd5 12. Na2 e6 13. g5 Nh5 14. Bd2 Rb8 15. Qe2 Be7 16. Ba4+ Kf8 17. Qc4 Bxg5 18. Bxb4+ Kg8 19. Nh3 Be3 20. Ke2 Qh4 21. Qc5 Bd7 22. Qa7 Rd8 23. c4 Bxa4 24. cxd5 Bxd4 25. Be1 Bb5+ 26. Kd2 0-1

[Event "Rohde op 05th"]
[Site "Sautron"]
[Date "2005.10.22"]
[Round "1"]
[White "Thibaud, Corentin"]
[Black "Rihouay, Clement"]
[Result "1/2-1/2"]
[WhiteElo "2008"]
[BlackElo "2172"]
[PlyCount "47"]
[EventDate "2005.10.22"]
[EventType "swiss"]
[EventRounds "9"]
[EventCountry "FRA"]
[SourceTitle "EXT 2006"]
[Source "ChessBase"]
[SourceDate "2005.11.24"]
[SourceVersion "1"]
[SourceVersionDate "2005.11.24"]
[SourceQuality "1"]

1. e4 c5 2. Nf3 d6 3. d4 cxd4 4. Nxd4 Nf6 5. Nc3 g6 6. Be3 Bg7 7. f3 Nc6 8. Qd2 0-0 9. Bc4 Bd7 10. 0-0-0 Ne5 11. Bb3 Qa5 12. Kb1 Rfc8 13. h4 b5 14. Ncxb5 Qxd2 15. Bxd2 Nc4 16. Bxc4 Rxc4 17. b3 Rcc8 18. c4 a6 19. Nc3 Rab8 20. Kc2 Ng4 21. fxg4 Bxd4 22. Nd5 Re8 23. Bg5 f6 24. Rxd4 1/2-1/2

[Event "Gorges op 15th"]
[Site "Gorges"]
[Date "2005.07.??"]
[Round "3"]
[White "Primel, Dominique"]
[Black "Thibaud, Corentin"]
[Result "1/2-1/2"]
[WhiteElo "2113"]
[BlackElo "1997"]
[PlyCount "98"]
[EventDate "2005.07.??"]
[EventType "swiss"]
[EventRounds "7"]
[EventCountry "FRA"]
[SourceTitle "EXT 2006"]
[Source "ChessBase"]
[SourceDate "2005.11.24"]
[SourceVersion "1"]
[SourceVersionDate "2005.11.24"]
[SourceQuality "1"]

1. Nf3 d5 2. d4 Nf6 3. c4 e6 4. g3 Be7 5. Bg2 dxc4 6. 0-0 0-0 7. Qc2 a6 8. a4 c5 9. dxc5 Qc7 10. Na3 Nbd7 11. Nxc4 Qxc5 12. Be3 Qh5 13. h3 Nd5 14. Bd2 Qg6 15. e4 Nb4 16. Qb3 Nc6 17. Rfe1 e5 18. Bc3 Qe6 19. Na5 Qxb3 20. Nxb3 f6 21. Bf1 Nc5 22. Nxc5 Bxc5 23. Rac1 Be6 24. Kg2 Rac8 25. Bd2 Nd4 26. Be3 Bxh3+ 27. Kxh3 Nxf3 28. Bxc5 Nxe1 29. Bc4+ Rf7 30. Bb4 Kh8 31. b3 Nf3 32. Rd1 Rfc7 33. Ba5 Re7 34. Bb4 Ree8 35. Rd7 Ng5+ 36. Kg2 Nxe4 37. Bd5 Nc5 38. Bxc5 Rxc5 39. Bxb7 a5 40. Bd5 h6 41. Be4 Rb8 42. Ra7 Rf8 43. g4 h5 44. gxh5 f5 45. Bd3 Kh7 46. Bb5 Kh6 47. Rxa5 Rd8 48. Ra7 Rd2 49. Bc4 Rd4 1/2-1/2

[Event "Nantes op 3rd"]
[Site "Nantes"]
[Date "2004.12.28"]
[Round "3"]
[White "Monroy, Charles"]
[Black "Thibaud, Corentin"]
[Result "1/2-1/2"]
[WhiteElo "2299"]
[BlackElo "2005"]
[PlyCount "120"]
[EventDate "2004.12.27"]
[EventType "swiss"]
[EventRounds "7"]
[EventCountry "FRA"]
[SourceTitle "EXT 2006"]
[Source "ChessBase"]
[SourceDate "2005.11.24"]
[SourceVersion "1"]
[SourceVersionDate "2005.11.24"]
[SourceQuality "1"]

1. e4 e5 2. Nf3 Nc6 3. Nc3 Nf6 4. Bb5 Bb4 5. 0-0 0-0 6. d3 d6 7. Bg5 Bxc3 8. bxc3 h6 9. Bc1 Qe7 10. Re1 Rd8 11. a4 Bd7 12. h3 Qe8 13. a5 Ne7 14. Bc4 Ng6 15. Nd2 Bc6 16. Bb3 Qd7 17. Nf1 Re8 18. Ng3 Rad8 19. Be3 a6 20. c4 Rb8 21. Nf5 Qc8 22. Ba4 Bxa4 23. Rxa4 Ne7 24. Nxe7+ Rxe7 25. f4 exf4 26. Bxf4 Qd7 27. Rb4 Qc6 28. Be3 Re5 29. Qa1 b6 30. axb6 cxb6 31. Qxa6 Ra5 32. Qxa5 bxa5 33. Rxb8+ Kh7 34. Rb5 a4 35. Ra1 Nxe4 36. dxe4 Qxc4 37. Rbb1 Qxe4 38. Bf2 Qxc2 39. Rd1 a3 40. Rxd6 a2 41. Rdd1 f5 42. Rac1 Qe2 43. Re1 Qb2 44. Rcd1 f4 45. Bd4 a1Q 46. Bxb2 Qxb2 47. Rf1 Qb4 48. Kh1 Kg6 49. Rf3 Kh5 50. Rd5+ g5 51. Rd1 Qe4 52. Kh2 Qe2 53. Rb1 Qe6 54. Rb4 Qd6 55. Rb5 Qd7 56. Rb6 Qc7 57. Ra6 Qe5 58. Rc6 Qd5 59. Rfc3 Qe5 60. Rc2 Qe1 1/2-1/2

[Event "Rohde op 04th"]
[Site "Sautron "]
[Date "2004.10.27"]
[Round "5"]
[White "Thibaud, Corentin"]
[Black "Delorme, Alban"]
[Result "0-1"]
[WhiteElo "2005"]
[BlackElo "2252"]
[PlyCount "74"]
[EventDate "2004.10.23"]
[EventType "swiss"]
[EventRounds "9"]
[EventCountry "FRA"]
[SourceTitle "EXT 2006"]
[Source "ChessBase"]
[SourceDate "2005.11.24"]
[SourceVersion "1"]
[SourceVersionDate "2005.11.24"]
[SourceQuality "1"]

1. e4 c5 2. Nf3 Nc6 3. d4 cxd4 4. Nxd4 Nf6 5. Nc3 d6 6. f3 Qb6 7. Nb3 e6 8. Qe2 a6 9. Be3 Qc7 10. 0-0-0 b5 11. g4 Bb7 12. h4 Rc8 13. Kb1 Ne5 14. g5 Nfd7 15. Qf2 b4 16. Na4 Bxe4 17. fxe4 Ng4 18. Qd2 Nxe3 19. Re1 Nxf1 20. Rhxf1 Be7 21. Re2 Qc4 22. Ref2 0-0 23. e5 d5 24. Nd4 Qc7 25. h5 Qxe5 26. Rg2 Rc4 27. Nf3 Qf4 28. Qd3 Qe4 29. Qd2 Rfc8 30. Ne1 Qd4 31. Qe2 Ne5 32. b3 R4c6 33. g6 hxg6 34. hxg6 Nxg6 35. Qh5 Bf6 36. Rxf6 Qxf6 37. Rh2 Kf8 0-1

[Event "FRA-chT U20 0304"]
[Site "France"]
[Date "2004.05.01"]
[Round "9"]
[White "Benassayag, Lucas"]
[Black "Thibaud, Corentin"]
[Result "0-1"]
[WhiteElo "2062"]
[BlackElo "2010"]
[PlyCount "126"]
[EventDate "2003.11.??"]
[EventType "team"]
[EventRounds "11"]
[EventCountry "FRA"]
[SourceTitle "EXT 2005"]
[Source "ChessBase"]
[SourceDate "2004.11.15"]
[SourceVersion "1"]
[SourceVersionDate "2004.11.15"]
[SourceQuality "1"]
[WhiteTeam "Cannes"]
[BlackTeam "Sautron"]
[WhiteTeamCountry "FRA"]
[BlackTeamCountry "FRA"]

1. e4 e5 2. Nf3 Nc6 3. Bc4 Be7 4. d4 d6 5. dxe5 dxe5 6. Qe2 Bg4 7. c3 Nf6 8. 0-0 0-0 9. Rd1 Qc8 10. h3 Bh5 11. Nbd2 h6 12. Nf1 Nh7 13. Ng3 Bxf3 14. Qxf3 Bg5 15. Nf5 Qe8 16. Qg3 Kh8 17. Bxg5 hxg5 18. h4 Na5 19. Be2 g6 20. Ne3 Qe7 21. h5 gxh5 22. Nd5 h4 23. Qxh4 gxh4 24. Nxe7 Rad8 25. b4 Nc6 26. Nd5 Ng5 27. f3 Ne6 28. Kf2 Kg7 29. Ne3 Ne7 30. Nc4 Ng6 31. Na5 Rb8 32. Rd7 Rfd8 33. Rad1 Rxd7 34. Rxd7 Ngf4 35. Bc4 Kf8 36. Bxe6 Nxe6 37. Nc4 Ke8 38. Rd1 f6 39. Rh1 Rd8 40. Ke3 Nf4 41. Kf2 Rd3 42. Rxh4 Rxc3 43. Ne3 Ra3 44. Rh8+ Kd7 45. Rh7+ Kc6 46. Rh6 Rxa2+ 47. Kg3 Re2 48. Rxf6+ Kb5 49. Ng4 Rxg2+ 50. Kh4 Nd3 51. Rf7 Kb6 52. Rf5 Nxb4 53. Rxe5 a5 54. Ne3 Ra2 55. Nc4+ Ka6 56. Kg5 Nc6 57. Rd5 a4 58. f4 b5 59. Ne3 a3 60. f5 Re2 61. Rd3 b4 62. f6 Ne5 63. Rb3 a2 0-1

[Event "FRA-chT U20 0304"]
[Site "France"]
[Date "2004.04.30"]
[Round "8"]
[White "Thibaud, Corentin"]
[Black "Tassetti, Matthieu"]
[Result "1/2-1/2"]
[WhiteElo "2010"]
[BlackElo "1940"]
[PlyCount "79"]
[EventDate "2003.11.??"]
[EventType "team"]
[EventRounds "11"]
[EventCountry "FRA"]
[SourceTitle "EXT 2005"]
[Source "ChessBase"]
[SourceDate "2004.11.15"]
[SourceVersion "1"]
[SourceVersionDate "2004.11.15"]
[SourceQuality "1"]
[WhiteTeam "Sautron"]
[BlackTeam "Mulhouse"]
[WhiteTeamCountry "FRA"]
[BlackTeamCountry "FRA"]

1. e4 c5 2. Nf3 Nc6 3. d4 cxd4 4. Nxd4 g6 5. c4 Bg7 6. Be3 Nf6 7. Nc3 0-0 8. Be2 d6 9. 0-0 Nxd4 10. Bxd4 Be6 11. b3 Nd7 12. Bxg7 Kxg7 13. Qd4+ Kg8 14. Nd5 a5 15. a3 Nc5 16. Rab1 Bxd5 17. Qxd5 Qc8 18. b4 axb4 19. axb4 Ne6 20. Bg4 Kg7 21. f4 Qc7 22. Bxe6 fxe6 23. Qxe6 Ra4 24. Kh1 Rf6 25. Qd5 Qb6 26. e5 Rf8 27. exd6 exd6 28. Rbe1 Rxb4 29. f5 Qd8 30. fxg6 hxg6 31. Qd4+ Kh7 32. Qc3 Rb6 33. Qe3 Rc6 34. Rxf8 Qxf8 35. Qh3+ Kg8 36. Qd3 Qf5 37. Qb3 Rc7 38. c5+ d5 39. Qb6 Rf7 40. Qb5 1/2-1/2

[Event "FRA-chT U20 0203"]
[Site "Clichy"]
[Date "2003.05.02"]
[Round "8.3"]
[White "Thibaud, Corentin"]
[Black "Pottier, Alexandre"]
[Result "1-0"]
[WhiteElo "1970"]
[BlackElo "1820"]
[PlyCount "103"]
[EventDate "2002.12.??"]
[EventType "team"]
[EventRounds "11"]
[EventCountry "FRA"]
[SourceTitle "EXT 2004"]
[Source "ChessBase"]
[SourceDate "2003.11.25"]
[SourceVersion "1"]
[SourceVersionDate "2003.11.25"]
[SourceQuality "1"]
[WhiteTeam "Sautron"]
[BlackTeam "Paris NAO"]
[WhiteTeamCountry "FRA"]
[BlackTeamCountry "FRA"]

1. e4 c5 2. Nf3 Nc6 3. d4 cxd4 4. Nxd4 g6 5. c4 Bg7 6. Be3 Nf6 7. Nc3 Ng4 8. Qxg4 Nxd4 9. Qd1 Ne6 10. Rc1 0-0 11. Bd3 d6 12. 0-0 b6 13. Qd2 Bb7 14. f3 Rc8 15. b4 Nd4 16. Ne2 Nc6 17. f4 e6 18. Bb1 Qe7 19. Nd4 Nxd4 20. Bxd4 d5 21. Bxg7 Kxg7 22. f5 exf5 23. exd5 Rfd8 24. Rfe1 Qf6 25. a4 a6 26. Ba2 Qd6 27. Qb2+ Qf6 28. Qd2 Qd6 29. Qb2+ Qf6 30. Qf2 h6 31. Qd2 Qd6 32. Qc3+ Qf6 33. Qe3 Qd6 34. c5 bxc5 35. bxc5 Qf6 36. c6 Ba8 37. Qb6 Rb8 38. Qxa6 Qd4+ 39. Kh1 Qb6 40. Qxb6 Rxb6 41. Re2 Bxc6 42. dxc6 Rxc6 43. Rce1 Rc7 44. Kg1 Kf6 45. a5 Rc5 46. a6 Ra8 47. Bb3 Rxa6 48. Re7 Rb6 49. Rxf7+ Kg5 50. Bd1 Rc1 51. g3 Rd6 52. h4# 1-0

[Event "FRA-chT U20 0203"]
[Site "Clichy"]
[Date "2003.01.04"]
[Round "6.3"]
[White "Steil Antoni, Fiona"]
[Black "Thibaud, Corentin"]
[Result "1/2-1/2"]
[WhiteElo "1599"]
[BlackElo "2020"]
[PlyCount "56"]
[EventDate "2002.12.??"]
[EventType "team"]
[EventRounds "11"]
[EventCountry "FRA"]
[SourceTitle "EXT 2004"]
[Source "ChessBase"]
[SourceDate "2003.11.25"]
[SourceVersion "1"]
[SourceVersionDate "2003.11.25"]
[SourceQuality "1"]
[WhiteTeam "Vandoeuvre"]
[BlackTeam "Sautron"]
[WhiteTeamCountry "FRA"]
[BlackTeamCountry "FRA"]

1. e4 e5 2. Nf3 Nc6 3. d4 exd4 4. Nxd4 Nf6 5. Nc3 Bb4 6. Nxc6 bxc6 7. Bd3 d5 8. exd5 cxd5 9. 0-0 0-0 10. Bg5 c6 11. Qf3 Be7 12. h3 h6 13. Bf4 Be6 14. Rfe1 Qd7 15. a3 Rfd8 16. Rad1 d4 17. Ne4 Ne8 18. Nd2 Bd6 19. Nc4 Bxf4 20. Qxf4 c5 21. Re2 Rab8 22. b3 Nf6 23. Ne5 Qd6 24. Be4 Bd5 25. Bxd5 Qxd5 26. Rde1 Qd6 27. Nd3 Qb6 28. Qd2 Nd5 1/2-1/2

[Event "FRA-ch U14"]
[Site "Le Grand Bornand"]
[Date "2003.??.??"]
[Round "8.6"]
[White "Fougerit, Valentin"]
[Black "Thibaud, Corentin"]
[Result "1-0"]
[WhiteElo "2014"]
[BlackElo "1970"]
[PlyCount "73"]
[EventDate "2003.??.??"]
[EventType "swiss"]
[EventRounds "9"]
[EventCountry "FRA"]
[SourceTitle "EXT 2004"]
[Source "ChessBase"]
[SourceDate "2003.11.25"]
[SourceVersion "1"]
[SourceVersionDate "2003.11.25"]
[SourceQuality "1"]

1. e4 e5 2. Nf3 Nc6 3. Bc4 Be7 4. d4 exd4 5. Nxd4 Bf6 6. c3 Nge7 7. 0-0 0-0 8. Nxc6 Nxc6 9. f4 d6 10. Na3 Na5 11. Bd3 Be6 12. Be3 Re8 13. Qh5 Nc6 14. Nc2 Qc8 15. h3 g6 16. Qf3 Bg7 17. g4 f6 18. Nd4 Nxd4 19. Bxd4 Bf7 20. f5 g5 21. Rf2 Qd7 22. h4 h6 23. hxg5 hxg5 24. Qh3 c5 25. Be3 d5 26. Bxc5 Qc6 27. Ba3 dxe4 28. Rh2 Bh5 29. Qxh5 exd3 30. Qh7+ Kf7 31. Qg6+ Kg8 32. Rh7 Qc7 33. Bd6 Qf7 34. Rh8+ Kxh8 35. Qxf7 d2 36. Kf2 Re4 37. Rh1+ 1-0

[Event "FRA-ch U14"]
[Site "Le Grand Bornand"]
[Date "2003.??.??"]
[Round "4.2"]
[White "Henry, Guillaume"]
[Black "Thibaud, Corentin"]
[Result "1-0"]
[WhiteElo "2100"]
[BlackElo "1970"]
[PlyCount "137"]
[EventDate "2003.??.??"]
[EventType "swiss"]
[EventRounds "9"]
[EventCountry "FRA"]
[SourceTitle "EXT 2004"]
[Source "ChessBase"]
[SourceDate "2003.11.25"]
[SourceVersion "1"]
[SourceVersionDate "2003.11.25"]
[SourceQuality "1"]

1. e4 e5 2. Nf3 Nc6 3. Bb5 a6 4. Bxc6 dxc6 5. 0-0 Bg4 6. h3 h5 7. d3 Qf6 8. Nbd2 Ne7 9. Re1 Ng6 10. d4 Bd6 11. hxg4 hxg4 12. Nh2 Rxh2 13. Qxg4 Qh4 14. Qxh4 Rxh4 15. Nf3 Rh5 16. dxe5 Nxe5 17. Nxe5 Bxe5 18. c3 g5 19. Rd1 f6 20. Be3 Ke7 21. g3 Rah8 22. Kg2 Rh2+ 23. Kf3 Rg8 24. Kg4 Ke6 25. Rh1 Rgh8 26. Rxh2 Rxh2 27. Rd1 Bd6 28. Rd2 Rg2 29. c4 Rg1 30. Re2 Ra1 31. b3 Rd1 32. Rd2 Re1 33. Kf3 b5 34. Rc2 Kd7 35. Bd2 Rb1 36. Kg4 Rf1 37. Ba5 c5 38. Bc3 Ke6 39. e5 Bxe5 40. Bxe5 Kxe5 41. cxb5 axb5 42. Rxc5+ Kd4 43. Rxb5 Rxf2 44. a4 c5 45. a5 Ra2 46. Kh5 c4 47. bxc4 Kxc4 48. Rf5 Kd3 49. Kg6 g4 50. Kxf6 Ke3 51. Kg5 Ra4 52. a6 Rxa6 53. Kxg4 Ra1 54. Rf8 Rg1 55. Kh4 Ke4 56. g4 Ke5 57. Kh5 Ke6 58. g5 Ke7 59. Rf2 Rg3 60. Kh6 Rg1 61. g6 Rg3 62. Kh7 Rg4 63. g7 Rh4+ 64. Kg8 Ke8 65. Re2+ Kd7 66. Kf7 Rf4+ 67. Kg6 Rg4+ 68. Kf6 Rg3 69. Re5 1-0

[Event "FRA-ch U14"]
[Site "Le Grand Bornand"]
[Date "2003.??.??"]
[Round "5.5"]
[White "Thibaud, Corentin"]
[Black "Edouard, Romain"]
[Result "0-1"]
[WhiteElo "1970"]
[BlackElo "2088"]
[PlyCount "60"]
[EventDate "2003.??.??"]
[EventType "swiss"]
[EventRounds "9"]
[EventCountry "FRA"]
[SourceTitle "EXT 2004"]
[Source "ChessBase"]
[SourceDate "2003.11.25"]
[SourceVersion "1"]
[SourceVersionDate "2003.11.25"]
[SourceQuality "1"]

1. e4 c5 2. Nf3 d6 3. d4 cxd4 4. Nxd4 Nf6 5. Nc3 g6 6. Be3 Bg7 7. f3 0-0 8. Qd2 Nc6 9. Bc4 Bd7 10. 0-0-0 Qa5 11. Kb1 Rfc8 12. Bb3 Ne5 13. h4 Nc4 14. Bxc4 Rxc4 15. Nb3 Qc7 16. Bd4 Be6 17. h5 a5 18. hxg6 hxg6 19. a4 b5 20. Nxb5 Qb8 21. Nc3 Qb7 22. g4 Rb8 23. Rh4 Nxe4 24. Qh2 Rxd4 25. Rh1 Nxc3+ 26. bxc3 Rd1+ 27. Rxd1 Bxb3 28. Kc1 Bxa4 29. Rh1 Qb1+ 30. Kd2 Qxc2+ 0-1

[Event "FRA-chT U20 0203"]
[Site "Clichy"]
[Date "2002.12.01"]
[Round "3.4"]
[White "L'Huillier, Thibaud"]
[Black "Thibaud, Corentin"]
[Result "1/2-1/2"]
[WhiteElo "2021"]
[BlackElo "2020"]
[PlyCount "76"]
[EventDate "2002.12.??"]
[EventType "team"]
[EventRounds "11"]
[EventCountry "FRA"]
[SourceTitle "EXT 2004"]
[Source "ChessBase"]
[SourceDate "2003.11.25"]
[SourceVersion "1"]
[SourceVersionDate "2003.11.25"]
[SourceQuality "1"]
[WhiteTeam "Creteil"]
[BlackTeam "Sautron"]
[WhiteTeamCountry "FRA"]
[BlackTeamCountry "FRA"]

1. d4 d5 2. c4 e6 3. Nc3 Be7 4. Nf3 Nf6 5. g3 0-0 6. Bg2 b6 7. 0-0 Bb7 8. Ne5 Nbd7 9. b3 c5 10. Nxd7 Qxd7 11. dxc5 bxc5 12. e3 d4 13. Bxb7 Qxb7 14. exd4 Rfd8 15. d5 exd5 16. cxd5 Nxd5 17. Qf3 Bf6 18. Bb2 Rab8 19. Na4 Bxb2 20. Nxb2 Nb4 21. Qxb7 Rxb7 22. Na4 Rc7 23. a3 Nc2 24. Rac1 Nxa3 25. Rxc5 Rxc5 26. Nxc5 Rc8 27. Ra1 Rxc5 28. Rxa3 Rc7 29. b4 Kf8 30. Re3 f6 31. Kf1 Kf7 32. h4 Kg6 33. Ke2 Kf5 34. Kf3 h5 35. Ra3 Rb7 36. Ra5+ Kg6 37. b5 Rc7 38. Ke3 Rb7 1/2-1/2

[Event "FRA-chT 0102 U18"]
[Site "France"]
[Date "2002.??.??"]
[Round "7.4"]
[White "Di Damaso, Laurent"]
[Black "Thibaud, Corentin"]
[Result "0-1"]
[WhiteElo "1670"]
[BlackElo "1720"]
[PlyCount "128"]
[EventDate "2001.10.??"]
[EventType "team"]
[EventRounds "11"]
[EventCountry "FRA"]
[SourceTitle "EXT 2003"]
[Source "ChessBase"]
[SourceDate "2002.11.25"]
[SourceVersion "1"]
[SourceVersionDate "2002.11.25"]
[SourceQuality "1"]
[WhiteTeam "Vandoeuvre"]
[BlackTeam "Sautron"]
[WhiteTeamCountry "FRA"]
[BlackTeamCountry "FRA"]

1. d4 d5 2. Nf3 Nf6 3. g3 Bg4 4. Bg2 e6 5. 0-0 Be7 6. b3 0-0 7. Bb2 Nbd7 8. Nbd2 Rc8 9. c4 c6 10. h3 Bh5 11. Rc1 b5 12. c5 Qc7 13. b4 Ne8 14. e4 dxe4 15. Nxe4 Bg6 16. Ned2 Ndf6 17. Re1 Nd5 18. a3 Nef6 19. Ne5 a5 20. Nxg6 hxg6 21. Qb3 axb4 22. axb4 Ra8 23. Ra1 Qb7 24. Kf1 Rfb8 25. Rxa8 Rxa8 26. Ra1 Rxa1+ 27. Bxa1 Qa6 28. Bb2 Kf8 29. Qa3 Qxa3 30. Bxa3 Bd8 31. Ke2 Bc7 32. f4 Ke7 33. Ne4 Nxe4 34. Bxe4 g5 35. Bxd5 exd5 36. Kf3 gxf4 37. gxf4 Kf6 38. Kg4 Kg6 39. f5+ Kh7 40. Bc1 Bh2 41. Be3 f6 42. h4 g6 43. fxg6+ Kxg6 44. h5+ Kf7 45. Kf5 Bg3 46. Bd2 Bf2 47. Bc3 Be3 48. Kg4 Ke6 49. Kf3 Bc1 50. Kg4 f5+ 51. Kf3 Kf6 52. Kg3 Kg5 53. Kf3 Kxh5 54. Kg3 Kg5 55. Kf3 f4 56. Ke2 Kg4 57. Kf2 Be3+ 58. Ke2 Kg3 59. Kf1 Kf3 60. Ke1 Kg2 61. Ke2 f3+ 62. Kxe3 f2 63. Kf4 f1Q+ 64. Ke3 Qc4 0-1

[Event "FRA-ch U14"]
[Site "Hyeres"]
[Date "2002.??.??"]
[Round "8.10"]
[White "Thibaud, Corentin"]
[Black "Pozdnjakov, Viatcheslav"]
[Result "1-0"]
[WhiteElo "1890"]
[BlackElo "1990"]
[PlyCount "71"]
[EventDate "2002.04.05"]
[EventType "swiss"]
[EventRounds "9"]
[EventCountry "FRA"]
[SourceTitle "EXT 2003"]
[Source "ChessBase"]
[SourceDate "2002.11.25"]
[SourceVersion "1"]
[SourceVersionDate "2002.11.25"]
[SourceQuality "1"]

1. e4 e6 2. d4 d5 3. Nc3 Nf6 4. Bg5 Bb4 5. e5 h6 6. Bd2 Nfd7 7. Qg4 g6 8. Bd3 Nf8 9. h4 c5 10. Nb5 Bxd2+ 11. Kxd2 Nc6 12. Nd6+ Ke7 13. Qf4 Rh7 14. h5 cxd4 15. hxg6 fxg6 16. Nf3 Kd7 17. Rxh6 Rxh6 18. Qxh6 Qe7 19. Qf4 g5 20. Nxg5 Nxe5 21. Qxe5 Qxd6 22. Qxd6+ Kxd6 23. Nf7+ Kc5 24. Re1 Bd7 25. f4 Re8 26. g4 Re7 27. Ne5 Bb5 28. Bxb5 Kxb5 29. Rh1 Kc5 30. Rh8 Nd7 31. Rc8+ Kd6 32. Rd8 Kc7 33. Rxd7+ Rxd7 34. Nxd7 Kxd7 35. Kd3 e5 36. fxe5 1-0

[Event "FRA-ch U14"]
[Site "Hyeres"]
[Date "2002.??.??"]
[Round "6.6"]
[White "Thibaud, Corentin"]
[Black "Soyez, Cyril"]
[Result "0-1"]
[WhiteElo "1890"]
[BlackElo "2073"]
[PlyCount "62"]
[EventDate "2002.04.05"]
[EventType "swiss"]
[EventRounds "9"]
[EventCountry "FRA"]
[SourceTitle "EXT 2003"]
[Source "ChessBase"]
[SourceDate "2002.11.25"]
[SourceVersion "1"]
[SourceVersionDate "2002.11.25"]
[SourceQuality "1"]

1. e4 c5 2. Nf3 d6 3. d4 cxd4 4. Nxd4 Nf6 5. Nc3 g6 6. Be3 Bg7 7. f3 0-0 8. Qd2 Nc6 9. Bc4 Bd7 10. 0-0-0 Qa5 11. Kb1 Ne5 12. Bb3 Rfc8 13. h4 Nc4 14. Bxc4 Rxc4 15. Nb3 Qa6 16. Bh6 Bh8 17. Bg5 Rac8 18. h5 Be6 19. hxg6 fxg6 20. Rh4 Rxc3 21. bxc3 Qb5 22. Rdh1 a5 23. g4 a4 24. Bxf6 Bxf6 25. Rxh7 axb3 26. axb3 Rxc3 27. Qh6 Rxb3+ 28. cxb3 Qxb3+ 29. Kc1 Qb2+ 30. Kd1 Bb3+ 31. Ke1 Bc3+ 0-1

[Event "FRA-chT 0102 U18"]
[Site "France"]
[Date "2001.11.??"]
[Round "3.3"]
[White "Alfarroba, Mathieu"]
[Black "Thibaud, Corentin"]
[Result "0-1"]
[WhiteElo "1640"]
[BlackElo "1720"]
[PlyCount "114"]
[EventDate "2001.10.??"]
[EventType "team"]
[EventRounds "11"]
[EventCountry "FRA"]
[SourceTitle "EXT 2003"]
[Source "ChessBase"]
[SourceDate "2002.11.25"]
[SourceVersion "1"]
[SourceVersionDate "2002.11.25"]
[SourceQuality "1"]
[WhiteTeam "Clichy"]
[BlackTeam "Sautron"]
[WhiteTeamCountry "FRA"]
[BlackTeamCountry "FRA"]

1. e4 e5 2. Nf3 Nc6 3. Bb5 a6 4. Ba4 Nf6 5. 0-0 Be7 6. Re1 b5 7. Bb3 d6 8. h3 0-0 9. c3 Nd7 10. d4 Bf6 11. Be3 Na5 12. Nbd2 Nxb3 13. axb3 Bb7 14. Qc2 Re8 15. Nh2 Bg5 16. Bxg5 Qxg5 17. Re3 Qe7 18. Rae1 Nf6 19. d5 Qd7 20. Ndf1 c6 21. c4 Rac8 22. Qd2 cxd5 23. cxd5 Rc7 24. Rc3 Rec8 25. Ng3 a5 26. Rec1 b4 27. R3c2 Ba6 28. f3 Rxc2 29. Rxc2 Rxc2 30. Qxc2 Qc8 31. Qxc8+ Bxc8 32. Nhf1 g6 33. Ne3 Ba6 34. Ngf1 Nd7 35. Nd2 Nb6 36. Kf2 Kf8 37. Ke1 Ke7 38. Nec4 Bxc4 39. bxc4 a4 40. Kd1 Kd7 41. Kc2 Kc7 42. g3 Nd7 43. f4 Kb6 44. Nf3 f6 45. Nd2 Kc5 46. Kd3 Nb6 47. f5 g5 48. h4 g4 49. h5 h6 50. b3 a3 51. Kc2 Kd4 52. Kb1 Kc3 53. Nf1 Kxb3 54. Ne3 Nxc4 55. Nxg4 a2+ 56. Ka1 Na3 57. Ne3 Nc2+ 0-1

[Event "FRA-ch U12"]
[Site "Amiens"]
[Date "2001.04.11"]
[Round "5"]
[White "L'Huillier, Thibaud"]
[Black "Thibaud, Corentin"]
[Result "1/2-1/2"]
[WhiteElo "1780"]
[BlackElo "1690"]
[PlyCount "114"]
[EventDate "2001.04.??"]
[EventType "swiss"]
[EventRounds "9"]
[EventCountry "FRA"]
[SourceTitle "EXT 2005"]
[Source "ChessBase"]
[SourceDate "2004.11.15"]
[SourceVersion "1"]
[SourceVersionDate "2004.11.15"]
[SourceQuality "1"]

1. d4 d5 2. c4 e6 3. Nc3 Nf6 4. Bg5 Nbd7 5. Nf3 c6 6. e3 Be7 7. Qc2 0-0 8. Bd3 h6 9. Bh4 Re8 10. 0-0 Bd6 11. e4 dxe4 12. Nxe4 Be7 13. Bg3 Nxe4 14. Bxe4 Nf6 15. Bd3 c5 16. Rad1 Qb6 17. a3 a5 18. Rfe1 Kf8 19. Be5 Bd7 20. dxc5 Bxc5 21. Bxf6 gxf6 22. Be4 Bc6 23. Bxc6 bxc6 24. Re2 Rad8 25. Red2 Kg7 26. Rxd8 Rxd8 27. Rxd8 Qxd8 28. Qd2 Qxd2 29. Nxd2 Bd4 30. Nb3 Bxb2 31. Nxa5 Bxa3 32. Nxc6 Kf8 33. Kf1 Ke8 34. Ke2 Kd7 35. Nd4 Bd6 36. h3 Be5 37. Ke3 h5 38. f4 Bxd4+ 39. Kxd4 Kd6 40. g4 h4 41. c5+ Kc7 42. Kc3 Kd7 43. Kb4 Kc7 44. Kb5 Kb7 45. c6+ Kc8 46. g5 e5 47. Kc4 exf4 48. gxf6 f3 49. Kd3 f2 50. Ke2 Kc7 51. Kxf2 Kxc6 52. Kf3 Kd5 53. Kf4 Ke6 54. Kg4 Kxf6 55. Kxh4 Kg6 56. Kg4 f6 57. Kf4 Kh5 1/2-1/2

[Event "FRA-chT 0001 U18"]
[Site "France"]
[Date "2001.??.??"]
[Round "9"]
[White "Buffe, Remi"]
[Black "Thibaud, Corentin"]
[Result "0-1"]
[WhiteElo "1670"]
[BlackElo "1690"]
[PlyCount "84"]
[EventDate "2000.??.??"]
[EventType "team"]
[EventRounds "11"]
[EventCountry "FRA"]
[SourceTitle "EXT 2003"]
[Source "ChessBase"]
[SourceDate "2002.11.25"]
[SourceVersion "1"]
[SourceVersionDate "2002.11.25"]
[SourceQuality "1"]

1. d4 d5 2. Nf3 Nf6 3. c4 e6 4. Nc3 Be7 5. e3 0-0 6. Qc2 b6 7. Bd3 dxc4 8. Bxc4 Bb7 9. e4 h6 10. 0-0 Bb4 11. Re1 Nbd7 12. a3 Bxc3 13. bxc3 c5 14. a4 Rc8 15. Ba3 Re8 16. Rac1 Qc7 17. Bd3 c4 18. Bf1 Qf4 19. Qd2 Qg4 20. h3 Qg6 21. Qa2 Bxe4 22. Nd2 Bd5 23. g3 Nh5 24. Re3 f5 25. Qb1 Ndf6 26. g4 Ne4 27. Nf3 Nf4 28. Ne5 Qg5 29. Nf3 Qf6 30. Bd6 Nxd6 31. Ne5 Ne4 32. Qb2 Ng6 33. Bg2 Nxe5 34. dxe5 Qg6 35. f3 Ng5 36. h4 Nf7 37. gxf5 Qxf5 38. Rf1 Nxe5 39. f4 Nd3 40. Qe2 Nxf4 41. Qf2 Bxg2 42. Rfe1 Nh3+ 0-1